|
|
|
|
| LEADER |
01047nam a2200325 a 4500 |
| 001 |
nkc20081806952 |
| 003 |
CZ PrNK |
| 005 |
20080829152133.0 |
| 007 |
ta |
| 008 |
080603s2008 xr g 000 f cze |
| 015 |
|
|
|a cnb001806952
|
| 020 |
|
|
|a 978-80-7342-140-3
|q (váz.)
|
| 040 |
|
|
|a OLA001
|b cze
|d ABA001
|
| 041 |
1 |
|
|a cze
|h eng
|
| 072 |
|
7 |
|a 821.111-3
|x Anglická próza, anglicky psaná
|2 Konspekt
|9 25
|
| 080 |
|
|
|a 821.111(71)-31
|2 MRF
|
| 080 |
|
|
|a (0:82-31)
|2 MRF
|
| 100 |
1 |
|
|a Hailey, Arthur,
|d 1920-2004
|7 jn19990003074
|4 aut
|
| 245 |
1 |
0 |
|a Večerní zprávy /
|c Arthur Hailey
|
| 260 |
|
|
|a Ostrava :
|b Anagram,
|c 2008
|
| 300 |
|
|
|a 552 s. ;
|c 21 cm
|
| 500 |
|
|
|a Přeloženo z angličtiny
|
| 648 |
|
7 |
|a 20. století
|7 ch460558
|2 czenas
|
| 655 |
|
7 |
|a kanadské romány (anglicky)
|7 fd139325
|2 czenas
|
| 655 |
|
9 |
|a Canadian fiction (English)
|2 eczenas
|
| 910 |
2 |
|
|a BOA001
|b 2-1207.014
|
| 990 |
|
|
|a BK
|
| 995 |
|
|
|a 01
|
| 991 |
|
|
|b 200806
|
| 996 |
6 |
|
|b 2610346010
|c 2-1207.014
|l MZK
|r Sklad / do 1 hodiny
|n 4
|p p.v.
|w 000899728
|u 000010
|a 1
|e BOA001
|j MZK50
|s P
|